[Event "Campeonato España Sub 18"]
[Site "Salobreña"]
[Date "2017.08.04"]
[Round "7"]
[White "Povill Claros, Xavier"]
[Black "Martin Carmona, Gaston Manuel"]
[Result "1-0"]
[Board "4"]
[WhiteClock "1:30"]
[WhiteTitle "FM"]
[WhiteElo "2337"]
[WhiteCountry "ESP"]
[WhiteFideId "32040512"]
[WhiteEloChange "6"]
[BlackClock "1:30"]
[BlackElo "2205"]
[BlackCountry "ESP"]
[BlackFideId "22284567"]
[BlackEloChange "-6"]

1. Nf3 {[%clk 1:30:00]} Nf6 {[%clk 1:26:00]} 2. c4 {[%clk 1:31:00]} c6 {[%clk
1:22:00]} 3. e3 {[%clk 1:31:00]} d5 {[%clk 1:21:00]} 4. Nc3 {[%clk 1:31:00]} a6
{[%clk 1:21:00]} 5. Qc2 {[%clk 1:25:00]} e6 {[%clk 1:19:00]} 6. b3 {[%clk
1:26:00]} Nbd7 {[%clk 1:15:00]} 7. d4 {[%clk 1:18:00]} Bd6 {[%clk 1:13:00]} 8.
Bb2 {[%clk 1:17:00]} O-O {[%clk 1:11:00]} 9. Bd3 {[%clk 1:16:00]} Qe7 {[%clk
1:00:00]} 10. O-O {[%clk 1:13:00]} dxc4 {[%clk 0:54:00]} 11. bxc4 {[%clk
1:07:00]} e5 {[%clk 0:52:00]} 12. Ne4 {[%clk 0:54:00]} Nxe4 {[%clk 0:47:00]} 13.
Bxe4 {[%clk 0:54:00]} g6 {[%clk 0:47:00]} 14. Bd3 {[%clk 0:46:00]} Re8 {[%clk
0:45:00]} 15. c5 {[%clk 0:36:00]} Bc7 {[%clk 0:45:00]} 16. Bc4 {[%clk 0:34:00]}
e4 {[%clk 0:40:00]} 17. Nd2 {[%clk 0:33:00]} Nf6 {[%clk 0:39:00]} 18. f3 {[%clk
0:20:00]} exf3 {[%clk 0:22:00]} 19. Rxf3 {[%clk 0:21:00]} Bg4 {[%clk 0:15:52]}
20. Raf1 {[%clk 0:21:00]} Bxf3 {[%clk 0:15:24]} 21. Rxf3 {[%clk 0:21:00]} Nd5
{[%clk 0:14:10]} 22. e4 {[%clk 0:19:26]} Nf4 {[%clk 0:13:09]} 23. e5 {[%clk
0:18:08]} Ne6 {[%clk 0:08:24]} 24. Ne4 {[%clk 0:18:12]} b6 {[%clk 0:08:10]} 25.
Qd2 {[%clk 0:14:54]} Kg7 {[%clk 0:03:35]} 26. Bc1 {[%clk 0:11:28]} Qh4 {[%clk
0:04:04]} 27. Bxe6 {[%clk 0:06:09]} fxe6 {[%clk 0:02:23]} 28. Rh3 {[%clk
0:04:25]} Qxe4 {[%clk 0:00:41]} 29. Qh6+ {[%clk 0:04:28]} Kf7 {[%clk 0:01:03]}
30. Qxh7+ {[%clk 0:04:28]} 1-0

[Event "Campeonato España Sub 18"]
[Site "Salobreña"]
[Date "2017.08.04"]
[Round "7"]
[White "Lopez Mulet, Inigo"]
[Black "Castillo Dalmau, Albert"]
[Result "1/2-1/2"]
[Board "5"]
[WhiteClock "1:30"]
[WhiteTitle "FM"]
[WhiteElo "2327"]
[WhiteCountry "ESP"]
[WhiteFideId "22235620"]
[WhiteEloChange "-2"]
[BlackClock "1:30"]
[BlackElo "2258"]
[BlackCountry "ESP"]
[BlackFideId "32009925"]
[BlackEloChange "2"]

1. d4 {[%clk 1:30:00]} Nf6 {[%clk 1:29:00]} 2. c4 {[%clk 1:31:00]} e6 {[%clk
1:30:00]} 3. g3 {[%clk 1:31:00]} c5 {[%clk 1:30:00]} 4. Nf3 {[%clk 1:30:00]} cxd4
{[%clk 1:30:00]} 5. Nxd4 {[%clk 1:30:00]} Nc6 {[%clk 1:30:00]} 6. Bg2 {[%clk
1:30:00]} Bc5 {[%clk 1:29:00]} 7. Nb3 {[%clk 1:22:00]} Be7 {[%clk 1:29:00]} 8.
O-O {[%clk 1:21:00]} O-O {[%clk 1:29:00]} 9. Nc3 {[%clk 1:20:00]} b6 {[%clk
1:24:00]} 10. Bf4 {[%clk 1:07:00]} Bb7 {[%clk 1:12:00]} 11. Qd2 {[%clk 0:54:00]}
d6 {[%clk 1:04:00]} 12. Rfd1 {[%clk 0:54:00]} Ne8 {[%clk 1:04:00]} 13. Rac1
{[%clk 0:41:00]} Rc8 {[%clk 0:28:00]} 14. Qe1 {[%clk 0:37:00]} g5 {[%clk
0:13:00]} 15. Be3 {[%clk 0:36:00]} Ng7 {[%clk 0:13:16]} 16. Nb5 {[%clk 0:35:00]}
Nf5 {[%clk 0:09:21]} 17. Nxa7 {[%clk 0:34:00]} Nxa7 {[%clk 0:09:25]} 18. Bxb7
{[%clk 0:35:00]} Rb8 {[%clk 0:09:50]} 19. Bg2 {[%clk 0:35:00]} Nxe3 {[%clk
0:10:16]} 20. fxe3 {[%clk 0:35:00]} Bf6 {[%clk 0:08:59]} 21. Nd4 {[%clk 0:35:00]}
Qc7 {[%clk 0:08:36]} 22. Qb4 {[%clk 0:33:00]} Rfc8 {[%clk 0:07:37]} 23. Qa3
{[%clk 0:28:00]} Rd8 {[%clk 0:07:13]} 24. Be4 {[%clk 0:27:00]} Rd7 {[%clk
0:05:46]} 25. Rf1 {[%clk 0:26:00]} Bg7 {[%clk 0:06:00]} 26. Bc2 {[%clk 0:21:00]}
Nc6 {[%clk 0:02:17]} 27. Nxc6 {[%clk 0:20:00]} Qxc6 {[%clk 0:02:39]} 28. Ba4
{[%clk 0:20:00]} Qb7 {[%clk 0:03:06]} 29. Bxd7 {[%clk 0:21:00]} Qxd7 {[%clk
0:03:32]} 30. Rfd1 {[%clk 0:21:00]} Be5 {[%clk 0:03:53]} 31. Qb4 {[%clk 0:12:56]}
Qc6 {[%clk 0:02:07]} 32. b3 {[%clk 0:12:52]} Kg7 {[%clk 0:02:24]} 33. Rd3 {[%clk
0:12:30]} h5 {[%clk 0:02:29]} 34. Kf2 {[%clk 0:03:22]} Rh8 {[%clk 0:02:33]} 35.
Rg1 {[%clk 0:02:48]} h4 {[%clk 0:01:32]} 36. gxh4 {[%clk 0:02:21]} Rxh4 {[%clk
0:01:16]} 37. Rxg5+ {[%clk 0:01:53]} Kf6 {[%clk 0:01:45]} 38. Rg2 {[%clk
0:00:55]} Bxh2 {[%clk 0:00:42]} 39. Qb5 {[%clk 0:00:53]} Qc5 {[%clk 0:00:31]} 40.
Qe8 {[%clk 0:00:37]} Qf5+ {[%clk 0:00:44]} 41. Ke1 {[%clk 0:00:58]} Bg3+ {[%clk
0:00:33]} 42. Rxg3 {[%clk 0:01:11]} Rh1+ {[%clk 0:00:54]} 43. Kd2 {[%clk
0:01:35]} Qa5+ {[%clk 0:01:28]} 44. Rc3 {[%clk 0:01:42]} Qxa2+ {[%clk 0:01:46]}
45. Rc2 {[%clk 0:00:59]} Qa5+ {[%clk 0:02:13]} 46. b4 {[%clk 0:00:36]} Qxb4+
{[%clk 0:02:41]} 47. Rc3 {[%clk 0:00:36]} Qb2+ {[%clk 0:02:32]} 48. Rc2 {[%clk
0:00:35]} Qb4+ {[%clk 0:02:45]} 49. Kd3 {[%clk 0:00:32]} Qb3+ {[%clk 0:02:08]}
50. Kd2 {[%clk 0:00:33]} Qb4+ {[%clk 0:02:31]} 51. Kd3 {[%clk 0:00:32]} Qb3+
{[%clk 0:02:59]} 52. Kd2 {[%clk 0:00:39]} Ke5 {[%clk 0:02:57]} 53. Rg2 {[%clk
0:00:39]} 1/2-1/2

[Event "Campeonato España Sub 18"]
[Site "Salobreña"]
[Date "2017.08.04"]
[Round "7"]
[White "Alfaya Marcelo, Roberto"]
[Black "Laiz Ibanez, Hector"]
[Result "0-1"]
[Board "6"]
[WhiteClock "n/a"]
[WhiteElo "2132"]
[WhiteCountry "ESP"]
[WhiteFideId "32026935"]
[WhiteEloChange "-6"]
[BlackClock "n/a"]
[BlackTitle "FM"]
[BlackElo "2269"]
[BlackCountry "ESP"]
[BlackFideId "2216710"]
[BlackEloChange "6"]

1. d4 {[%clk 1:30:30]} d6 {[%clk 1:30:30]} 2. c4 {[%clk 1:30:30]} e5 {[%clk
1:30:30]} 3. dxe5 {[%clk 1:30:30]} dxe5 {[%clk 1:30:30]} 4. Qxd8+ {[%clk
1:30:30]} Kxd8 {[%clk 1:30:30]} 5. Nc3 {[%clk 1:30:30]} Be6 {[%clk 1:30:30]} 6.
b3 {[%clk 1:30:30]} Nd7 {[%clk 1:30:30]} 7. Nf3 {[%clk 1:30:30]} f6 {[%clk
1:30:30]} 8. Bb2 {[%clk 1:30:30]} c6 {[%clk 1:30:30]} 9. e3 {[%clk 1:30:30]} a5
{[%clk 1:30:30]} 10. Rd1 {[%clk 1:30:30]} Kc7 {[%clk 1:30:30]} 11. Bd3 {[%clk
1:30:30]} Nh6 {[%clk 1:30:30]} 12. Bb1 {[%clk 1:30:30]} Nc5 {[%clk 1:30:30]} 13.
Nd2 {[%clk 1:30:30]} Nf7 {[%clk 1:30:30]} 14. O-O {[%clk 1:30:30]} a4 {[%clk
1:30:30]} 15. Rc1 {[%clk 1:30:30]} axb3 {[%clk 1:30:30]} 16. axb3 {[%clk
1:30:30]} Rd8 {[%clk 1:30:30]} 17. Nce4 {[%clk 1:30:30]} Nd3 {[%clk 1:30:30]} 18.
Bxd3 {[%clk 1:30:30]} Rxd3 {[%clk 1:30:30]} 19. Rc3 {[%clk 1:30:30]} Rd7 {[%clk
1:30:30]} 20. Nb1 {[%clk 1:30:30]} Bb4 {[%clk 1:30:30]} 21. Rcc1 {[%clk 1:30:30]}
Ra8 {[%clk 1:30:30]} 22. Nec3 {[%clk 1:30:30]} b6 {[%clk 1:30:30]} 23. Na4 {[%clk
1:30:30]} Rdd8 {[%clk 1:30:30]} 24. e4 {[%clk 1:30:30]} Nd6 {[%clk 1:30:30]} 25.
f4 {[%clk 1:30:30]} exf4 {[%clk 1:30:30]} 26. e5 {[%clk 1:30:30]} Nxc4 {[%clk
1:30:30]} 27. bxc4 {[%clk 1:30:30]} Rxa4 {[%clk 1:30:30]} 28. exf6 {[%clk
1:30:30]} Bc5+ {[%clk 1:30:30]} 29. Kh1 {[%clk 1:30:30]} gxf6 {[%clk 1:30:30]}
30. Bxf6 {[%clk 1:30:30]} Rd7 {[%clk 1:30:30]} 31. Be5+ {[%clk 1:30:30]} Kb7
{[%clk 1:30:30]} 32. Bxf4 {[%clk 1:30:30]} Rxc4 {[%clk 1:30:30]} 33. Rce1 {[%clk
1:30:30]} Bd5 {[%clk 1:30:30]} 34. Re8 {[%clk 1:30:30]} Bd6 {[%clk 1:30:30]} 35.
Be3 {[%clk 1:30:30]} Rc2 {[%clk 1:30:30]} 36. Nd2 {[%clk 1:30:30]} Rg7 {[%clk
1:30:30]} 37. Rg1 {[%clk 1:30:30]} Bb4 {[%clk 1:30:30]} 38. Nf3 {[%clk 1:30:30]}
Rgxg2 {[%clk 1:30:30]} 0-1

[Event "Campeonato España Sub 18"]
[Site "Salobreña"]
[Date "2017.08.04"]
[Round "7"]
[White "Plazuelo Pascual, Juan"]
[Black "Serra Canals, Oriol"]
[Result "1/2-1/2"]
[Board "7"]
[WhiteClock "1:30"]
[WhiteTitle "FM"]
[WhiteElo "2334"]
[WhiteCountry "ESP"]
[WhiteFideId "32059566"]
[WhiteEloChange "-6"]
[BlackClock "1:30"]
[BlackElo "2105"]
[BlackCountry "ESP"]
[BlackFideId "22276084"]
[BlackEloChange "6"]

1. d4 {[%clk 1:30:00]} e6 {[%clk 1:28:00]} 2. Nf3 {[%clk 1:31:00]} Nf6 {[%clk
1:28:00]} 3. c4 {[%clk 1:31:00]} d5 {[%clk 1:28:00]} 4. e3 {[%clk 1:32:00]} Nbd7
{[%clk 1:27:00]} 5. b3 {[%clk 1:30:00]} b6 {[%clk 1:27:00]} 6. Bd3 {[%clk
1:30:00]} Bb7 {[%clk 1:27:00]} 7. O-O {[%clk 1:31:00]} Ne4 {[%clk 1:27:00]} 8.
Bb2 {[%clk 1:29:00]} Bd6 {[%clk 1:25:00]} 9. Qe2 {[%clk 1:29:00]} O-O {[%clk
1:24:00]} 10. cxd5 {[%clk 1:28:00]} exd5 {[%clk 1:24:00]} 11. Ba6 {[%clk
1:28:00]} Bxa6 {[%clk 1:22:00]} 12. Qxa6 {[%clk 1:29:00]} Qe7 {[%clk 1:14:00]}
13. Nc3 {[%clk 1:27:00]} Nxc3 {[%clk 1:12:00]} 14. Bxc3 {[%clk 1:27:00]} Nf6
{[%clk 1:12:00]} 15. Rac1 {[%clk 1:26:00]} Ne4 {[%clk 1:09:00]} 16. Bb2 {[%clk
1:25:00]} f5 {[%clk 1:03:00]} 17. Rc2 {[%clk 1:22:00]} f4 {[%clk 0:59:00]} 18.
exf4 {[%clk 1:21:00]} Rxf4 {[%clk 0:59:00]} 19. Qb7 {[%clk 1:20:00]} Raf8 {[%clk
0:42:00]} 20. Qxd5+ {[%clk 1:20:00]} Kh8 {[%clk 0:42:00]} 21. Ne5 {[%clk
0:59:00]} Nf6 {[%clk 0:16:45]} 22. Qb5 {[%clk 0:51:00]} Ng4 {[%clk 0:13:34]} 23.
Nxg4 {[%clk 0:47:00]} Rxg4 {[%clk 0:13:57]} 24. Qd3 {[%clk 0:45:00]} Rf6 {[%clk
0:06:34]} 25. h3 {[%clk 0:40:00]} Re4 {[%clk 0:06:59]} 26. Qa6 {[%clk 0:31:00]}
h6 {[%clk 0:07:22]} 27. Bc3 {[%clk 0:27:00]} Rf3 {[%clk 0:04:37]} 28. Qc8+ {[%clk
0:16:26]} Rf8 {[%clk 0:05:02]} 29. Qa6 {[%clk 0:14:53]} Rf3 {[%clk 0:05:14]} 30.
Bb4 {[%clk 0:10:00]} Bxb4 {[%clk 0:02:53]} 31. gxf3 {[%clk 0:10:21]} Qg5+ {[%clk
0:02:43]} 32. Kh1 {[%clk 0:10:11]} Qf5 {[%clk 0:00:33]} 33. fxe4 {[%clk 0:09:52]}
Qxh3+ {[%clk 0:00:33]} 1/2-1/2

[Event "Campeonato España Sub 18"]
[Site "Salobreña"]
[Date "2017.08.04"]
[Round "7"]
[White "Perez Tores, Juan Miguel"]
[Black "Lianes Garcia, Marcos"]
[Result "0-1"]
[Board "8"]
[WhiteClock "1:28"]
[WhiteElo "2163"]
[WhiteCountry "ESP"]
[WhiteFideId "22247602"]
[WhiteEloChange "-5"]
[BlackClock "1:30"]
[BlackTitle "FM"]
[BlackElo "2352"]
[BlackCountry "ESP"]
[BlackFideId "32060777"]
[BlackEloChange "5"]

1. e4 {[%clk 1:28:00]} c5 {[%clk 1:30:00]} 2. Nf3 {[%clk 1:28:00]} Nf6 {[%clk
1:30:00]} 3. Nc3 {[%clk 1:28:00]} d5 {[%clk 1:30:00]} 4. exd5 {[%clk 1:24:00]}
Nxd5 {[%clk 1:30:00]} 5. Bb5+ {[%clk 1:23:00]} Bd7 {[%clk 1:30:00]} 6. Bxd7+
{[%clk 1:21:00]} Qxd7 {[%clk 1:30:00]} 7. O-O {[%clk 1:14:00]} Nc6 {[%clk
1:29:00]} 8. Ne4 {[%clk 1:12:00]} e5 {[%clk 1:24:00]} 9. d3 {[%clk 1:08:00]} Be7
{[%clk 1:21:00]} 10. c3 {[%clk 1:04:00]} Rd8 {[%clk 1:09:00]} 11. Qc2 {[%clk
1:02:00]} O-O {[%clk 1:08:00]} 12. a3 {[%clk 0:56:00]} f5 {[%clk 0:47:00]} 13.
Ng3 {[%clk 0:56:00]} Nb6 {[%clk 0:47:00]} 14. Rd1 {[%clk 0:54:00]} e4 {[%clk
0:42:00]} 15. Ne1 {[%clk 0:53:00]} c4 {[%clk 0:37:00]} 16. d4 {[%clk 0:52:00]}
Bd6 {[%clk 0:34:00]} 17. b3 {[%clk 0:51:00]} Na5 {[%clk 0:33:00]} 18. bxc4 {[%clk
0:51:00]} Naxc4 {[%clk 0:33:00]} 19. Qb3 {[%clk 0:51:00]} Rc8 {[%clk 0:28:00]}
20. a4 {[%clk 0:50:00]} Nd5 {[%clk 0:26:00]} 21. Nc2 {[%clk 0:49:00]} Kh8 {[%clk
0:24:00]} 22. Nb4 {[%clk 0:48:00]} Bxb4 {[%clk 0:23:00]} 23. cxb4 {[%clk
0:49:00]} Qe7 {[%clk 0:22:00]} 24. b5 {[%clk 0:48:00]} f4 {[%clk 0:22:00]} 25.
Nf1 {[%clk 0:48:00]} Qe6 {[%clk 0:19:49]} 26. Re1 {[%clk 0:48:00]} Qf5 {[%clk
0:15:13]} 27. Ba3 {[%clk 0:47:00]} Rfe8 {[%clk 0:13:52]} 28. Rac1 {[%clk
0:47:00]} Na5 {[%clk 0:12:59]} 29. Rxc8 {[%clk 0:46:00]} Rxc8 {[%clk 0:13:17]}
30. Qb1 {[%clk 0:46:00]} Nc3 {[%clk 0:09:36]} 31. Qb4 {[%clk 0:45:00]} b6 {[%clk
0:09:34]} 32. Qe7 {[%clk 0:45:00]} Qg6 {[%clk 0:07:23]} 33. Qd6 {[%clk 0:40:00]}
Qxd6 {[%clk 0:07:00]} 34. Bxd6 {[%clk 0:40:00]} Nxa4 {[%clk 0:06:48]} 35. Rxe4
{[%clk 0:40:00]} Nc3 {[%clk 0:06:52]} 36. Re7 {[%clk 0:40:00]} Nxb5 {[%clk
0:07:08]} 37. Be5 {[%clk 0:41:00]} Nc6 {[%clk 0:06:12]} 38. Bxg7+ {[%clk
0:37:00]} Kg8 {[%clk 0:06:41]} 39. Rd7 {[%clk 0:37:00]} Rc7 {[%clk 0:07:07]} 40.
Rxc7 {[%clk 0:36:00]} Nxc7 {[%clk 0:07:37]} 41. Be5 {[%clk 0:36:00]} Nd5 {[%clk
0:07:43]} 42. Nd2 {[%clk 0:37:00]} a5 {[%clk 0:07:37]} 43. Kf1 {[%clk 0:36:00]}
a4 {[%clk 0:07:34]} 44. Ke2 {[%clk 0:35:00]} b5 {[%clk 0:07:22]} 45. Bd6 {[%clk
0:34:00]} Nxd4+ {[%clk 0:05:29]} 46. Kd3 {[%clk 0:34:00]} Nc6 {[%clk 0:05:22]}
47. Ke4 {[%clk 0:26:00]} Ndb4 {[%clk 0:05:47]} 48. Bxf4 {[%clk 0:24:00]} Kf7
{[%clk 0:05:10]} 49. Nb1 {[%clk 0:24:00]} Ke6 {[%clk 0:03:56]} 50. Na3 {[%clk
0:24:00]} Na7 {[%clk 0:04:18]} 51. Bd2 {[%clk 0:22:00]} Nbc6 {[%clk 0:04:30]} 52.
Nc2 {[%clk 0:22:00]} Nc8 {[%clk 0:04:49]} 53. Bb4 {[%clk 0:22:00]} Nd6+ {[%clk
0:04:51]} 54. Bxd6 {[%clk 0:22:00]} Kxd6 {[%clk 0:05:20]} 55. f4 {[%clk 0:22:00]}
b4 {[%clk 0:05:20]} 56. f5 {[%clk 0:23:00]} a3 {[%clk 0:04:53]} 57. Kd3 {[%clk
0:22:00]} Kc5 {[%clk 0:03:22]} 58. Na1 {[%clk 0:21:00]} Na5 {[%clk 0:02:48]} 59.
Nc2 {[%clk 0:18:38]} Nc4 {[%clk 0:03:04]} 60. f6 {[%clk 0:18:35]} Ne5+ {[%clk
0:02:54]} 61. Ke4 {[%clk 0:16:39]} Nd7 {[%clk 0:03:21]} 62. f7 {[%clk 0:16:21]}
a2 {[%clk 0:02:58]} 63. Na1 {[%clk 0:16:04]} Kc4 {[%clk 0:02:58]} 64. Kf5 {[%clk
0:16:25]} b3 {[%clk 0:02:58]} 0-1

[Event "Campeonato España Sub 18"]
[Site "Salobreña"]
[Date "2017.08.04"]
[Round "7"]
[White "Orteu Capdevila, Max"]
[Black "Roldan Marques, Daniel"]
[Result "1/2-1/2"]
[Board "9"]
[WhiteClock "1:28"]
[WhiteElo "2161"]
[WhiteCountry "ESP"]
[WhiteFideId "32075359"]
[WhiteEloChange "4"]
[BlackClock "1:30"]
[BlackTitle "FM"]
[BlackElo "2300"]
[BlackCountry "ESP"]
[BlackFideId "32063318"]
[BlackEloChange "-4"]

1. Nf3 {[%clk 1:28:00]} d5 {[%clk 1:30:00]} 2. c4 {[%clk 1:28:00]} e6 {[%clk
1:27:00]} 3. g3 {[%clk 1:28:00]} c6 {[%clk 1:27:00]} 4. b3 {[%clk 1:27:00]} Nf6
{[%clk 1:21:00]} 5. Bg2 {[%clk 1:26:00]} Be7 {[%clk 1:17:00]} 6. Bb2 {[%clk
1:26:00]} O-O {[%clk 1:17:00]} 7. O-O {[%clk 1:27:00]} b5 {[%clk 1:15:00]} 8. d3
{[%clk 1:19:00]} Bb7 {[%clk 1:13:00]} 9. Nbd2 {[%clk 1:15:00]} Na6 {[%clk
1:12:00]} 10. Rc1 {[%clk 1:08:00]} Rc8 {[%clk 1:01:00]} 11. Qc2 {[%clk 0:53:00]}
Qa5 {[%clk 0:56:00]} 12. a3 {[%clk 0:41:00]} b4 {[%clk 0:50:00]} 13. a4 {[%clk
0:39:00]} c5 {[%clk 0:47:00]} 14. Ne5 {[%clk 0:34:00]} Qc7 {[%clk 0:40:00]} 15.
e3 {[%clk 0:28:00]} Nd7 {[%clk 0:35:00]} 16. Nxd7 {[%clk 0:28:00]} Qxd7 {[%clk
0:36:00]} 17. f4 {[%clk 0:24:00]} Rfd8 {[%clk 0:33:00]} 18. Nf3 {[%clk 0:25:00]}
Bd6 {[%clk 0:26:00]} 19. Rcd1 {[%clk 0:22:00]} Bb8 {[%clk 0:24:00]} 20. Qe2
{[%clk 0:22:00]} dxc4 {[%clk 0:22:00]} 21. dxc4 {[%clk 0:22:00]} Qe7 {[%clk
0:22:00]} 22. Qc2 {[%clk 0:16:10]} Bxf3 {[%clk 0:18:01]} 23. Bxf3 {[%clk
0:16:36]} Nc7 {[%clk 0:17:47]} 24. Be4 {[%clk 0:15:19]} h6 {[%clk 0:17:02]} 25.
Rf2 {[%clk 0:14:38]} Ne8 {[%clk 0:16:25]} 26. Rfd2 {[%clk 0:14:27]} Bc7 {[%clk
0:15:52]} 27. Kf2 {[%clk 0:12:17]} Kf8 {[%clk 0:13:34]} 28. Bf3 {[%clk 0:07:17]}
Rxd2+ {[%clk 0:10:56]} 29. Qxd2 {[%clk 0:06:35]} Rd8 {[%clk 0:10:07]} 30. Qc2
{[%clk 0:07:04]} Nf6 {[%clk 0:09:37]} 31. Rxd8+ {[%clk 0:07:22]} Qxd8 {[%clk
0:09:46]} 32. e4 {[%clk 0:07:31]} e5 {[%clk 0:06:03]} 33. fxe5 {[%clk 0:07:31]}
1/2-1/2

[Event "Campeonato España Sub 18"]
[Site "Salobreña"]
[Date "2017.08.04"]
[Round "7"]
[White "Villemur Tamarit, Juan"]
[Black "Garcia Sobrino, David"]
[Result "0-1"]
[Board "10"]
[WhiteClock "n/a"]
[WhiteElo "2146"]
[WhiteCountry "ESP"]
[WhiteFideId "22280332"]
[WhiteEloChange "-8"]
[BlackClock "n/a"]
[BlackTitle "FM"]
[BlackElo "2223"]
[BlackCountry "ESP"]
[BlackFideId "32028407"]
[BlackEloChange "8"]

1. d4 {[%clk 1:30:30]} e6 {[%clk 1:30:30]} 2. Nf3 {[%clk 1:30:30]} Nf6 {[%clk
1:30:30]} 3. c4 {[%clk 1:30:30]} c5 {[%clk 1:30:30]} 4. d5 {[%clk 1:30:30]} exd5
{[%clk 1:30:30]} 5. cxd5 {[%clk 1:30:30]} d6 {[%clk 1:30:30]} 6. Nc3 {[%clk
1:30:30]} g6 {[%clk 1:30:30]} 7. e4 {[%clk 1:30:30]} Bg4 {[%clk 1:30:30]} 8. Be2
{[%clk 1:30:30]} Bxf3 {[%clk 1:30:30]} 9. Bxf3 {[%clk 1:30:30]} a6 {[%clk
1:30:30]} 10. a4 {[%clk 1:30:30]} Bg7 {[%clk 1:30:30]} 11. O-O {[%clk 1:30:30]}
O-O {[%clk 1:30:30]} 12. Bf4 {[%clk 1:30:30]} Ne8 {[%clk 1:30:30]} 13. Qb3 {[%clk
1:30:30]} b6 {[%clk 1:30:30]} 14. Rfe1 {[%clk 1:30:30]} Nd7 {[%clk 1:30:30]} 15.
Be2 {[%clk 1:30:30]} Ne5 {[%clk 1:30:30]} 16. Bg3 {[%clk 1:30:30]} Nc7 {[%clk
1:30:30]} 17. f4 {[%clk 1:30:30]} Nd7 {[%clk 1:30:30]} 18. Bf3 {[%clk 1:30:30]}
g5 {[%clk 1:30:30]} 19. fxg5 {[%clk 1:30:30]} Ne5 {[%clk 1:30:30]} 20. Be2 {[%clk
1:30:30]} Rb8 {[%clk 1:30:30]} 21. Rf1 {[%clk 1:30:30]} b5 {[%clk 1:30:30]} 22.
axb5 {[%clk 1:30:30]} axb5 {[%clk 1:30:30]} 23. Rf5 {[%clk 1:30:30]} c4 {[%clk
1:30:30]} 24. Qb4 {[%clk 1:30:30]} Rb6 {[%clk 1:30:30]} 25. Bf2 {[%clk 1:30:30]}
Na6 {[%clk 1:30:30]} 0-1

[Event "Campeonato España Sub 18"]
[Site "Salobreña"]
[Date "2017.08.04"]
[Round "7"]
[White "Rottenwohrer Suarez, Juan"]
[Black "Pulido Esteban, Francisco Daniel"]
[Result "1/2-1/2"]
[Board "11"]
[WhiteClock "1:30"]
[WhiteTitle "CM"]
[WhiteElo "2214"]
[WhiteCountry "ESP"]
[WhiteFideId "32068182"]
[WhiteEloChange "-4"]
[BlackClock "1:30"]
[BlackElo "2065"]
[BlackCountry "ESP"]
[BlackFideId "22274839"]
[BlackEloChange "4"]

1. d4 {[%clk 1:30:00]} Nf6 {[%clk 1:30:00]} 2. c4 {[%clk 1:30:00]} e6 {[%clk
1:31:00]} 3. Nc3 {[%clk 1:31:00]} Bb4 {[%clk 1:31:00]} 4. Qc2 {[%clk 1:32:00]} b6
{[%clk 1:28:00]} 5. e4 {[%clk 1:28:00]} Bb7 {[%clk 1:25:00]} 6. f3 {[%clk
1:26:00]} c5 {[%clk 1:11:00]} 7. a3 {[%clk 1:05:00]} Bxc3+ {[%clk 1:06:00]} 8.
bxc3 {[%clk 1:04:00]} d6 {[%clk 1:05:00]} 9. Be3 {[%clk 0:59:00]} Qc7 {[%clk
1:01:00]} 10. Rc1 {[%clk 0:57:00]} Nbd7 {[%clk 0:46:00]} 11. Bd3 {[%clk 0:48:00]}
e5 {[%clk 0:40:00]} 12. d5 {[%clk 0:45:00]} h6 {[%clk 0:29:00]} 13. g4 {[%clk
0:40:00]} Nf8 {[%clk 0:28:00]} 14. Ne2 {[%clk 0:33:00]} Ng6 {[%clk 0:24:00]} 15.
h4 {[%clk 0:31:00]} Bc8 {[%clk 0:21:00]} 16. Kd2 {[%clk 0:21:00]} Qe7 {[%clk
0:16:35]} 17. h5 {[%clk 0:11:48]} Nf8 {[%clk 0:16:57]} 18. Ng3 {[%clk 0:09:37]}
N6h7 {[%clk 0:16:40]} 19. Rcg1 {[%clk 0:08:23]} f6 {[%clk 0:16:47]} 20. Qd1
{[%clk 0:04:58]} Ng5 {[%clk 0:16:02]} 21. Ke2 {[%clk 0:03:43]} Nfh7 {[%clk
0:15:36]} 22. Kf2 {[%clk 0:04:01]} O-O {[%clk 0:14:57]} 23. Qe2 {[%clk 0:02:07]}
Nf7 {[%clk 0:14:41]} 24. Bd2 {[%clk 0:02:08]} Nd8 {[%clk 0:14:34]} 25. Nf1 {[%clk
0:02:29]} Ng5 {[%clk 0:14:46]} 26. Ne3 {[%clk 0:02:51]} Nb7 {[%clk 0:14:46]} 27.
Ng2 {[%clk 0:03:04]} Bd7 {[%clk 0:13:22]} 28. Nh4 {[%clk 0:03:27]} Rfe8 {[%clk
0:12:56]} 29. Ng6 {[%clk 0:03:37]} Qd8 {[%clk 0:12:59]} 30. Re1 {[%clk 0:02:01]}
Qc8 {[%clk 0:12:34]} 31. Kg2 {[%clk 0:02:04]} Nd8 {[%clk 0:12:10]} 32. Rhf1
{[%clk 0:01:54]} Ndf7 {[%clk 0:12:30]} 33. Kg3 {[%clk 0:01:42]} Qc7 {[%clk
0:11:05]} 34. Rb1 {[%clk 0:00:52]} Rab8 {[%clk 0:10:01]} 35. Rb2 {[%clk 0:00:59]}
Nd8 {[%clk 0:09:34]} 36. Rbb1 {[%clk 0:00:37]} Rb7 {[%clk 0:09:36]} 37. Rf2
{[%clk 0:00:45]} Ndf7 {[%clk 0:09:26]} 38. Rbf1 {[%clk 0:01:04]} Rbb8 {[%clk
0:09:20]} 39. Bc1 {[%clk 0:00:40]} Rbc8 {[%clk 0:09:08]} 40. Bd2 {[%clk 0:00:39]}
Rb8 {[%clk 0:09:23]} 41. Be3 {[%clk 0:00:42]} Rbc8 {[%clk 0:09:33]} 42. Qd2
{[%clk 0:00:46]} Rb8 {[%clk 0:08:49]} 43. Qc1 {[%clk 0:00:49]} Rbc8 {[%clk
0:08:46]} 44. Qc2 {[%clk 0:00:41]} Rb8 {[%clk 0:08:46]} 1/2-1/2